LEADER 01091nam a2200253 4500 001 000000355182 003 CaOOAMICUS 005 20230830100028.0 008 230830s2023 fr 000 u fre r 020 $a979-1-02-401715-0 040 $aSeMil$bita 100 1 $aBucher, Gérard.$0(OLS)http://semarc/name/117514 245 10$aHomo divinans :$bl'impensé de la parole et de la mort /$cGérard Bucher. 264 1$aMont-Saint-Aignan :$bPress universitaires de Rouen et du Havre,$c2023. 300 $a481 p. ;$c19 cm 490 1 $aTo 650 4$aMorte - Aspetti filosofici.$0(OLS)http://semarc/subject/9770 830 0$aTo.$0(OLS)http://semarc/title/445358 850 $aSeMil 852 $aSeMil$W1$xVenegono$y1$m2P I 1001$j243271$B246462$CSeMilBibl$Z2$F246462 $81 996 $6020$a979-1-02-401715-0$9(OLS)http://semarc/number/298759 996 $6245$aHomo divinans :$bl'impensé de la parole et de la mort$9(OLS)http://semarc/title/445355 996 $6264$aMont-Saint-Aignan :$bPress universitaires de Rouen et du Havre$9(OLS)http://semarc/publisher/61211 LEADER 01219nam a2200265 i 4500 001 000000227958 003 CaOOAMICUS 005 20140311000000.0 008 140311s2012 it u000 u ita u 013 $a206860 020 $a978-88-6512-197-9 040 $aSeMil$bita 245 13$aLe inquietudini della fede :$bAngelo Scola, Salvatore Natoli, Gianfranco Ravasi, Lucetta Scaraffia, Roberto Vecchioni /$c[interviste a cura di Salvatore Nocita ]. 260 $aVenezia :$bMarcianum Press,$c2012. 300 $a100 p. ;$c21 cm. 490 0 $aEmpowerment ;$v14 650 4$aFede - Meditazioni.$0(OLS)http://semarc/subject/9634 700 1 $aNocita, Salvatore.$0(OLS)http://semarc/name/78915 830 0$aEmpowerment ;$v14.$0(OLS)http://semarc/title/40159 850 $aSeMil 852 $aSeMil$W1$xVenegono$y1$m2F IV 357$j178304$B178304$CSeMilBibl$Z2$F189120 $81 961 $aOmaggio: Altro 996 $6020$a978-88-6512-197-9$9(OLS)http://semarc/number/229803 996 $6245$aLe inquietudini della fede :$bAngelo Scola, Salvatore Natoli, Gianfranco Ravasi, Lucetta Scaraffia, Roberto Vecchioni$9(OLS)http://semarc/title/326264 996 $6260$aVenezia :$bMarcianum Press$9(OLS)http://semarc/publisher/31536